000
00352pab a2200157 454500
008
180718b2001 xxu||||| |||| 00| 0 eng d
100
_a
Sridharan, E.
245
_a
Reforming political finance
260
_c
2001
300
_a
p.29-36
362
_a
Oct
650
_a
Elections - India
650
_a
Elections
773
_a
Seminar
909
_a
50048
999
_c
50048
_d
50048